Các dân tộc ít người ở Việt Nam : (Các tỉnh phía Bắc)
Nội dung sách giới thiệu về các dân tộc ít người ở Việt Nam (các tỉnh phía Bắc), đời sống các dân tộc ít người và quan hệ giữa các dân tộc trong thời kì xây dựng chủ nghĩa xã hội ở Việt Nam hiện nay....
Saved in:
| Format: | Book |
|---|---|
| Language: | Undetermined |
| Published: |
Hà Nội
Khoa Học Xã Hội
2015
|
| Subjects: | |
| Tags: |
Add Tag
No Tags, Be the first to tag this record!
|
| Institutions: | Trung tâm Học liệu Trường Đại học Cần Thơ |
|---|
| LEADER | 00971nam a2200205Ia 4500 | ||
|---|---|---|---|
| 001 | CTU_216055 | ||
| 008 | 210402s9999 xx 000 0 und d | ||
| 082 | |a 305.895922 | ||
| 082 | |b C101 | ||
| 245 | 0 | |a Các dân tộc ít người ở Việt Nam : | |
| 245 | 0 | |b (Các tỉnh phía Bắc) | |
| 245 | 0 | |c Lê Bá Thảo ...[et al.] | |
| 260 | |a Hà Nội | ||
| 260 | |b Khoa Học Xã Hội | ||
| 260 | |c 2015 | ||
| 520 | |a Nội dung sách giới thiệu về các dân tộc ít người ở Việt Nam (các tỉnh phía Bắc), đời sống các dân tộc ít người và quan hệ giữa các dân tộc trong thời kì xây dựng chủ nghĩa xã hội ở Việt Nam hiện nay. | ||
| 650 | |a Ethnic groups,Dân tộc thiểu số | ||
| 650 | |z Vietnam,Việt Nam | ||
| 904 | |i Qhieu - Linh, Sương | ||
| 980 | |a Trung tâm Học liệu Trường Đại học Cần Thơ | ||